Čo možno neviete o sadzbách dane z pridanej hodnoty v Európskej únii
Stručná história dane z pridanej hodnoty. Prezentácia faktov o rôznych sadzbách dane z pridanej hodnoty, ktoré sú uplatňované v jednotlivých krajinách EÚ. Základné sadzby DPH, znížené a osobitné sadzby DPH, aktuálne platné sadzby v jednotlivých krajinách EÚ.
Na minha lista:
| Autor principal: | |
|---|---|
| Formato: | Capítulo de Livro |
| Idioma: | eslovaco |
| Assuntos: | |
| Tags: |
Sem tags, seja o primeiro a adicionar uma tag!
|
MARC
| LEADER | 00000nla a2200000 4500 | ||
|---|---|---|---|
| 001 | 0237720 | ||
| 005 | 20240502073837.4 | ||
| 041 | 0 | |a slo | |
| 044 | |a SK | ||
| 245 | 1 | 0 | |a Čo možno neviete o sadzbách dane z pridanej hodnoty v Európskej únii |c Jozef Gajdoš |
| 520 | |a Stručná história dane z pridanej hodnoty. Prezentácia faktov o rôznych sadzbách dane z pridanej hodnoty, ktoré sú uplatňované v jednotlivých krajinách EÚ. Základné sadzby DPH, znížené a osobitné sadzby DPH, aktuálne platné sadzby v jednotlivých krajinách EÚ. | ||
| 610 | 2 | 0 | |a sadzby daňové |
| 610 | 2 | 0 | |a dane z hodnoty pridanej |
| 610 | 2 | 0 | |a Európska únia |
| 610 | 2 | 0 | |a história |
| 100 | 1 | |a Gajdoš, Jozef, 1962-2025 | |